00585nam a2200169 a 450000100100000000500170001000800410002704000250006808200150009310000400010824500550014826000530020330000200025604900090027695201130028599900170039800003031920200930060228.0110510s1995 dr 000 p spa d aDO-SdBNPbspacBNPHU axxxbM425s1 aMateo Pérez, Julio César95698510aSueños en versos /cJulio César Mateo Pérez. aSanto Domingo :bEditora Experimental,c[1995?]. a34 p. ;c14 cm. aBNPD 0010718PDaPDbPDcCTd2011-05-10iLF1l0oxxx M425sp30319-10r2020-06-25w2020-06-25yLFPDZNo se presta c29811d29811